R.E.P.O All Monsters - Statistics

General Stats
  • This quiz has been taken 37 times
  • The average score is 15 of 29
Answer Stats
Answer % Correct
Clown
73%
Headman
73%
Huntsman
73%
Robe
73%
Animal
67%
Apex Predator/Duck
67%
Loom
67%
Bella
60%
Elsa
60%
Bowtie
53%
Headgrab
53%
Hidden
53%
Reaper
53%
Tick
53%
Trudge
53%
Birthday Boy
47%
Cleanup Crew
47%
Gnome
47%
Oogly
47%
Rugrat
47%
Shadow Child
47%
Upscream
47%
Chef
40%
Peeper
40%
Spewer
40%
Gambit
33%
Heart Hugger
33%
Mentalist
33%
Banger
27%
No matching quizzes found
Score Distribution
Percent of People with Each Score
Percentile by Number Answered
Your Score History
You have not taken this quiz